[Event "Vienna Ottakring 100 Years"]
[Site "Vienna"]
[Date "2023.08.29"]
[Round "4"]
[White "Romanov, Evgeny"]
[Black "Wuebker, Paul Luca"]
[Result "1-0"]
[WhiteElo "2559"]
[BlackElo "2181"]
[PlyCount "51"]
[EventDate "2023.08.26"]
[EventType "swiss"]
[EventRounds "9"]
[EventCountry "AUT"]
[SourceTitle "EXT 2024"]
[Source "ChessBase"]
[SourceDate "2023.10.10"]
[SourceVersion "1"]
[SourceVersionDate "2023.10.10"]
[SourceQuality "1"]

1. d4 Nf6 2. c4 Nc6 3. Nf3 e6 4. g3 d5 5. Nbd2 dxc4 6. Nxc4 Qd5 7. b3 b5 8. Ne3 Bb4+ 9. Bd2 Qd6 10. Bg2 Nxd4 11. 0-0 Bxd2 12. Nxd4 Bxe3 13. Nxb5 Qb6 14. Bxa8 Bxf2+ 15. Rxf2 Qxb5 16. a4 Qe5 17. Bc6+ Ke7 18. Qe1 Rd8 19. Qb4+ Rd6 20. Rc1 Qe3 21. Rc3 Qd2 22. Bf3 Ne8 23. e3 a5 24. Qh4+ g5 25. Qxg5+ f6 26. Rxc7+ 1-0

[Event "GER-chT U20"]
[Site "Kiel"]
[Date "2022.07.25"]
[Round "6.4"]
[White "Knuedel, Torben"]
[Black "Wuebker, Paul Luca"]
[Result "1-0"]
[WhiteElo "2210"]
[BlackElo "2157"]
[PlyCount "51"]
[EventDate "2022.07.22"]
[EventType "team-swiss"]
[EventRounds "7"]
[EventCountry "GER"]
[SourceTitle "CBM 209 Extra"]
[Source "ChessBase"]
[SourceDate "2022.09.30"]
[SourceVersion "1"]
[SourceVersionDate "2022.09.30"]
[SourceQuality "1"]
[WhiteTeam "Uelzen Post"]
[BlackTeam "Bochum"]
[WhiteTeamCountry "GER"]
[BlackTeamCountry "GER"]

1. e4 c5 2. Nf3 d6 3. d4 cxd4 4. Nxd4 Nf6 5. Nc3 Nc6 6. f4 Qb6 7. Nf3 g6 8. Bd3 Bg7 9. Qe2 0-0 10. Rb1 Ng4 11. Nd5 Qa5+ 12. Bd2 Qxa2 13. 0-0 Bxb2 14. Kh1 Rb8 15. Bc4 Qa3 16. f5 e6 17. Rxb2 exd5 18. Rb3 Qc5 19. Bxd5 gxf5 20. Rc3 Qb6 21. Ng5 Nd4 22. Qe1 Ne6 23. Nxh7 Kxh7 24. exf5 Qd4 25. Rh3+ Kg8 26. Bc3 1-0

[Event "Dortmund Sparkassen op 47th"]
[Site "Dortmund"]
[Date "2019.07.21"]
[Round "9"]
[White "Wuebker, Paul Luca"]
[Black "Rempel, Patrick"]
[Result "1/2-1/2"]
[WhiteElo "2009"]
[BlackElo "2119"]
[PlyCount "103"]
[EventDate "2019.07.13"]
[EventType "swiss"]
[EventRounds "9"]
[EventCountry "GER"]
[SourceTitle "EXT 2020"]
[Source "ChessBase"]
[SourceDate "2019.10.17"]
[SourceVersion "1"]
[SourceVersionDate "2019.10.17"]
[SourceQuality "1"]

1. d4 Nf6 2. c4 g6 3. Nc3 Bg7 4. e4 d6 5. f3 0-0 6. Be3 c5 7. dxc5 dxc5 8. Qxd8 Rxd8 9. Bxc5 Nc6 10. Nge2 Nd7 11. Be3 Nde5 12. Nf4 b6 13. Rc1 Ba6 14. b3 e6 15. Be2 g5 16. Nh3 Nb4 17. Nf2 Ned3+ 18. Nxd3 Nxd3+ 19. Bxd3 Rxd3 20. Bd2 Rad8 21. Nb1 g4 22. Ke2 f5 23. Bg5 gxf3+ 24. gxf3 R8d7 25. Rcd1 Rxd1 26. Rxd1 Rxd1 27. Kxd1 fxe4 28. fxe4 Bb7 29. Nd2 Bc3 30. Bf4 Bxd2 31. Kxd2 Bxe4 32. Kc3 Kf7 33. a4 Ke8 34. Bb8 a6 35. Ba7 b5 36. cxb5 axb5 37. a5 Kd7 38. Kd4 Bd5 39. b4 Kc7 40. a6 Bc4 41. Kc5 Bf1 42. h4 Be2 43. Bb6+ Kb8 44. Kd6 Bc4 45. h5 Bd5 46. h6 Bc4 47. Kc6 Bd3 48. Bd4 Ka8 49. Kc7 Bf5 50. Kd6 Bd3 51. Kxe6 Be2 52. Bc5 1/2-1/2

[Event "Dortmund Sparkassen op 47th"]
[Site "Dortmund"]
[Date "2019.07.20"]
[Round "8"]
[White "Savchenko, Daniel"]
[Black "Wuebker, Paul Luca"]
[Result "1/2-1/2"]
[WhiteElo "2168"]
[BlackElo "2009"]
[PlyCount "101"]
[EventDate "2019.07.13"]
[EventType "swiss"]
[EventRounds "9"]
[EventCountry "GER"]
[SourceTitle "EXT 2020"]
[Source "ChessBase"]
[SourceDate "2019.10.17"]
[SourceVersion "1"]
[SourceVersionDate "2019.10.17"]
[SourceQuality "1"]

1. e4 c5 2. Nf3 d6 3. d4 cxd4 4. Nxd4 Nf6 5. Nc3 g6 6. f3 Bg7 7. Be3 0-0 8. Qd2 Nc6 9. 0-0-0 d5 10. Qe1 e5 11. Nxc6 bxc6 12. exd5 Nxd5 13. Bc5 Be6 14. Bc4 Re8 15. Ne4 Qc7 16. h4 Nf4 17. Bxe6 Nxe6 18. Ba3 h6 19. g4 Nd4 20. Qe3 Qa5 21. g5 h5 22. Nf6+ Bxf6 23. gxf6 Nf5 24. Qg5 Qa4 25. Kb1 Rab8 26. Rd3 e4 27. fxe4 Qxe4 28. Rhd1 Qxh4 29. Qd2 Qxf6 30. b3 Qe6 31. Bb2 Kh7 32. Rh1 Qe4 33. Rdh3 Qg4 34. Qc3 Rbd8 35. a4 Rd1+ 36. Ka2 Rxh1 37. Rxh1 Qe4 38. Rf1 Rg8 39. Re1 Qd5 40. Re5 Qd7 41. Rc5 Ne7 42. Qf3 Nd5 43. c4 Nb4+ 44. Ka3 Nc2+ 45. Ka2 f5 46. Qc3 Qd6 47. b4 Nxb4+ 48. Qxb4 Rb8 49. Qa5 Rxb2+ 50. Kxb2 Qd4+ 51. Kb3 1/2-1/2

[Event "Dortmund Sparkassen op 47th"]
[Site "Dortmund"]
[Date "2019.07.17"]
[Round "5"]
[White "Wuebker, Paul Luca"]
[Black "Perkampus, Laurin"]
[Result "1/2-1/2"]
[WhiteElo "2009"]
[BlackElo "2009"]
[PlyCount "156"]
[EventDate "2019.07.13"]
[EventType "swiss"]
[EventRounds "9"]
[EventCountry "GER"]
[SourceTitle "EXT 2020"]
[Source "ChessBase"]
[SourceDate "2019.10.17"]
[SourceVersion "1"]
[SourceVersionDate "2019.10.17"]
[SourceQuality "1"]

1. d4 Nf6 2. c4 g6 3. f3 d5 4. cxd5 Nxd5 5. e4 Nb6 6. Be3 Bg7 7. Nc3 0-0 8. Qd2 Nc6 9. 0-0-0 f5 10. h4 fxe4 11. fxe4 Bxd4 12. Nf3 Bg7 13. Qe1 Qe8 14. Nd5 Nxd5 15. exd5 Ne5 16. Nxe5 Bxe5 17. Bh6 Bf4+ 18. Bxf4 Rxf4 19. h5 Bf5 20. hxg6 Qxg6 21. b3 Qf6 22. Bd3 Qa1+ 23. Kc2 Rf2+ 24. Rd2 Qxa2+ 25. Kc3 Qa5+ 26. Kc2 Bxd3+ 27. Kxd3 Qxd5+ 28. Kc2 Rxd2+ 29. Qxd2 Qxd2+ 30. Kxd2 Rd8+ 31. Ke3 Rd6 32. Kf4 Rb6 33. Rh3 Kg7 34. g4 Kg6 35. Ke5 a5 36. Kd5 Rb4 37. Ke6 Re4+ 38. Kd7 c5 39. Rc3 b6 40. Kc6 Rb4 41. Re3 Kf6 42. Rh3 Kg5 43. Rxh7 Kxg4 44. Rxe7 Rxb3 45. Rf7 a4 46. Kd5 a3 47. Ra7 Kf3 48. Kc4 Rb4+ 49. Kc3 Re4 50. Kc2 Re3 51. Rb7 a2 52. Kb2 Ra3 53. Ka1 Ra6 54. Re7 c4 55. Re6 Kf2 56. Rc6 Ra4 57. Rxb6 Ke3 58. Rd6 Ra3 59. Rd8 Ra4 60. Rh8 Kd3 61. Rh3+ Kd4 62. Rh4+ Kc3 63. Rh3+ Kb4 64. Rh4 Ra3 65. Rh2 Ka4 66. Rb2 Rb3 67. Kxa2 Rh3 68. Rb8 Rh2+ 69. Kb1 Ka3 70. Kc1 Ka2 71. Rb5 c3 72. Rb8 Ka3 73. Rb7 Ka4 74. Rb8 Rh4 75. Kc2 Rc4 76. Rb7 Rb4 77. Ra7+ Kb5 78. Kxc3 Rc4+ 1/2-1/2

[Event "Dortmund Helmut Kohl"]
[Site "Dortmund"]
[Date "2018.07.22"]
[Round "9"]
[White "Kartsev, Nikolaj"]
[Black "Wuebker, Paul Luca"]
[Result "0-1"]
[WhiteElo "2084"]
[BlackElo "2030"]
[PlyCount "74"]
[EventDate "2018.07.14"]
[EventType "tourn"]
[EventRounds "9"]
[EventCountry "GER"]
[SourceTitle "CBM 185 Extra"]
[Source "ChessBase"]
[SourceDate "2018.07.29"]
[SourceVersion "1"]
[SourceVersionDate "2018.07.29"]
[SourceQuality "1"]

1. e4 Nf6 2. e5 Nd5 3. d4 d6 4. c4 Nb6 5. exd6 cxd6 6. Nc3 g6 7. Nf3 Bg7 8. Be3 0-0 9. Be2 Nc6 10. h3 d5 11. c5 Nc4 12. Bxc4 dxc4 13. Qa4 e5 14. dxe5 Be6 15. Rd1 Qb8 16. 0-0 Nxe5 17. Nxe5 Bxe5 18. f4 Bg7 19. Bd4 Bxd4+ 20. Rxd4 Qc7 21. Rxc4 Bxc4 22. Qxc4 Kg7 23. f5 f6 24. Nd5 Qe5 25. Nf4 Rfe8 26. Nd3 Qe3+ 27. Kh2 Rad8 28. Rf3 Qd4 29. Qb3 Qd5 30. Qc3 g5 31. a4 Re4 32. b4 Rd4 33. Nf2 h5 34. g4 hxg4 35. Nxg4 Rd2+ 36. Kg3 Qd4 37. Nf2 Rxf2 0-1

[Event "Dortmund Helmut Kohl"]
[Site "Dortmund"]
[Date "2018.07.17"]
[Round "4"]
[White "Bork, Sophie"]
[Black "Wuebker, Paul Luca"]
[Result "0-1"]
[WhiteElo "1916"]
[BlackElo "2030"]
[PlyCount "44"]
[EventDate "2018.07.14"]
[EventType "tourn"]
[EventRounds "9"]
[EventCountry "GER"]
[SourceTitle "CBM 185 Extra"]
[Source "ChessBase"]
[SourceDate "2018.07.29"]
[SourceVersion "1"]
[SourceVersionDate "2018.07.29"]
[SourceQuality "1"]

1. e4 c5 2. Nc3 d6 3. d4 cxd4 4. Qxd4 Nc6 5. Qd2 Nf6 6. b3 e5 7. Bb2 a6 8. f3 Be7 9. Nge2 0-0 10. Ng3 b5 11. Be2 Qb6 12. Nd5 Nxd5 13. exd5 Nd8 14. 0-0-0 Nb7 15. Kb1 a5 16. h4 b4 17. Bc4 a4 18. bxa4 Nc5 19. Bb3 Nxa4 20. Bxa4 Rxa4 21. Ne2 Ba6 22. Nc1 Bc4 0-1

[Event "Herne UFO op 9th"]
[Site "Herne"]
[Date "2018.06.02"]
[Round "5"]
[White "Biermann, Lenhard"]
[Black "Wuebker, Paul Luca"]
[Result "1/2-1/2"]
[WhiteElo "1989"]
[BlackElo "2132"]
[PlyCount "88"]
[EventDate "2018.05.30"]
[EventType "swiss"]
[EventRounds "7"]
[EventCountry "GER"]
[SourceTitle "CBM 184 Extra"]
[Source "ChessBase"]
[SourceDate "2018.06.28"]
[SourceVersion "1"]
[SourceVersionDate "2018.06.28"]
[SourceQuality "1"]

1. d4 Nf6 2. Nf3 e6 3. c4 Nc6 4. g3 Bb4+ 5. Nbd2 0-0 6. Bg2 Ne4 7. 0-0 Nxd2 8. Bxd2 Bxd2 9. Qxd2 d6 10. Qc3 f5 11. b4 Qf6 12. b5 Ne7 13. Qe3 Ng6 14. Qg5 Qxg5 15. Nxg5 h6 16. Nf3 e5 17. dxe5 dxe5 18. Nd2 Rb8 19. Bd5+ Kh8 20. Nb3 b6 21. Rfd1 f4 22. a4 Bf5 23. Rac1 Rbd8 24. c5 Ne7 25. Bc4 g5 26. f3 Kg7 27. Kf2 Bg6 28. g4 Kf6 29. h3 Rh8 30. Kg2 Rhe8 31. Kf2 Rh8 32. Kg2 e4 33. cxb6 cxb6 34. Nd4 exf3+ 35. exf3 Rc8 36. Nc6 Nxc6 37. Rd6+ Kg7 38. bxc6 Rc7 39. Bb5 Be8 40. Re1 a6 41. Bxa6 Bxc6 42. Ree6 Bxa4 43. Rg6+ Kf7 44. Rgf6+ Kg7 1/2-1/2

[Event "Herne UFO op 9th"]
[Site "Herne"]
[Date "2018.06.01"]
[Round "4"]
[White "Wuebker, Paul Luca"]
[Black "Meyer, Ulrich"]
[Result "1-0"]
[WhiteElo "2132"]
[BlackElo "1994"]
[PlyCount "51"]
[EventDate "2018.05.30"]
[EventType "swiss"]
[EventRounds "7"]
[EventCountry "GER"]
[SourceTitle "CBM 184 Extra"]
[Source "ChessBase"]
[SourceDate "2018.06.28"]
[SourceVersion "1"]
[SourceVersionDate "2018.06.28"]
[SourceQuality "1"]

1. d4 Nf6 2. c4 e6 3. Nf3 c5 4. Bg5 Qa5+ 5. Qd2 Qxd2+ 6. Nbxd2 cxd4 7. Nxd4 Nc6 8. Nb5 Kd8 9. 0-0-0 a6 10. Nc3 Be7 11. Nde4 Kc7 12. Nxf6 gxf6 13. Bf4+ Ne5 14. e4 d6 15. Be2 Bd7 16. b3 Bc6 17. Bh5 Be8 18. f3 b5 19. cxb5 axb5 20. Kb1 Kb7 21. Bg3 Bd7 22. f4 Ng6 23. Be2 b4 24. Nb5 Ra6 25. Rc1 Bc6 26. Nxd6+ 1-0

[Event "GER-ch U25-A"]
[Site "Willingen"]
[Date "2018.05.25"]
[Round "8"]
[White "Mueller, Magnus"]
[Black "Wuebker, Paul Luca"]
[Result "1/2-1/2"]
[WhiteElo "1912"]
[BlackElo "2061"]
[PlyCount "83"]
[EventDate "2018.05.19"]
[EventType "swiss"]
[EventRounds "9"]
[EventCountry "GER"]
[SourceTitle "CBM 184 Extra"]
[Source "ChessBase"]
[SourceDate "2018.06.28"]
[SourceVersion "1"]
[SourceVersionDate "2018.06.28"]
[SourceQuality "1"]

1. e4 c5 2. Nf3 d6 3. d4 cxd4 4. Nxd4 Nf6 5. Nc3 g6 6. Be3 Bg7 7. f3 0-0 8. Qd2 Nc6 9. g4 Be6 10. Nxe6 fxe6 11. 0-0-0 Ne5 12. Be2 Qc8 13. h4 Nfd7 14. h5 Nxf3 15. Nd5 exd5 16. Qxd5+ Rf7 17. hxg6 hxg6 18. Bxf3 Ne5 19. Be2 Qc6 20. Qxc6 bxc6 21. c3 Rff8 22. Rdf1 Rfd8 23. Bd4 Bf6 24. Kc2 Kg7 25. Rh3 Nd7 26. Bc4 d5 27. exd5 Bxd4 28. cxd4 Nb6 29. Bb3 cxd5 30. Re3 Rac8+ 31. Rc3 Rxc3+ 32. Kxc3 Rh8 33. Re1 Kf6 34. Re5 Rh3+ 35. Kb4 Rg3 36. Bxd5 Rxg4 37. Re6+ Kf5 38. Kc5 Nxd5 39. Re5+ Kf6 40. Kxd5 Rg2 41. Re6+ Kf7 42. Ra6 1/2-1/2

[Event "GER-ch U25-A"]
[Site "Willingen"]
[Date "2018.05.23"]
[Round "6"]
[White "Seref, Erdogan"]
[Black "Wuebker, Paul Luca"]
[Result "0-1"]
[WhiteElo "1905"]
[BlackElo "2061"]
[PlyCount "140"]
[EventDate "2018.05.19"]
[EventType "swiss"]
[EventRounds "9"]
[EventCountry "GER"]
[SourceTitle "CBM 184 Extra"]
[Source "ChessBase"]
[SourceDate "2018.06.28"]
[SourceVersion "1"]
[SourceVersionDate "2018.06.28"]
[SourceQuality "1"]

1. e4 c5 2. c3 Nf6 3. e5 Nd5 4. Nf3 Nc6 5. Bc4 Nb6 6. Bb3 d5 7. exd6 c4 8. Bc2 Qxd6 9. 0-0 Bg4 10. h3 Bh5 11. Re1 e6 12. b3 0-0-0 13. Na3 f5 14. Qe2 g6 15. Nb5 Qd5 16. Qxe6+ Qxe6 17. Rxe6 Bxf3 18. gxf3 a6 19. Na3 Bxa3 20. Bxa3 Rxd2 21. Rc1 Nd5 22. Kf1 Nf4 23. Rd6 Rxd6 24. Bxd6 Nxh3 25. f4 Nd8 26. Kg2 Nf7 27. Be5 Nxe5 28. fxe5 Nf4+ 29. Kf3 Ne6 30. Ke3 cxb3 31. Bxb3 Nc5 32. Bd5 Kc7 33. Kd4 b6 34. Rh1 a5 35. Rh6 Kd7 36. Kc4 Na6 37. a4 Nc7 38. f4 Ke7 39. Kd4 Na6 40. Kc4 Kd7 41. Kb5 Nc7+ 42. Kc4 Ke7 43. Rh2 h5 44. Rg2 Rd8 45. Bf3 Kf7 46. Rb2 Rb8 47. Rd2 Ke7 48. Rg2 Kf7 49. Bd5+ Kg7 50. Kd4 Rd8 51. c4 Ne6+ 52. Ke3 Nc5 53. Ra2 Re8 54. Kd4 Rh8 55. Ke3 h4 56. Kf3 g5 57. fxg5 Kg6 58. e6 Kxg5 59. Re2 Kf6 60. e7 Re8 61. Rh2 Rxe7 62. Rxh4 Nxa4 63. Rh6+ Kg5 64. Rc6 f4 65. Be4 Nc5 66. Rg6+ Kh5 67. Bf5 Re1 68. Kxf4 Rf1+ 69. Ke5 Nd7+ 70. Bxd7 Kxg6 0-1

[Event "GER-ch U25-A"]
[Site "Willingen"]
[Date "2018.05.20"]
[Round "2"]
[White "Hofmann, Lorenz"]
[Black "Wuebker, Paul Luca"]
[Result "1-0"]
[WhiteElo "1916"]
[BlackElo "2061"]
[PlyCount "109"]
[EventDate "2018.05.19"]
[EventType "swiss"]
[EventRounds "9"]
[EventCountry "GER"]
[SourceTitle "CBM 184 Extra"]
[Source "ChessBase"]
[SourceDate "2018.06.28"]
[SourceVersion "1"]
[SourceVersionDate "2018.06.28"]
[SourceQuality "1"]

1. e4 c5 2. Nf3 d6 3. d4 cxd4 4. Nxd4 Nf6 5. f3 g6 6. c4 Nc6 7. Nc3 Nxd4 8. Qxd4 Bg7 9. Be3 0-0 10. Qd2 Be6 11. Bd3 Qa5 12. Nd5 Qxd2+ 13. Kxd2 Nxd5 14. cxd5 Bd7 15. Rab1 Rfc8 16. Rhf1 e6 17. Bf4 Be5 18. Bxe5 dxe5 19. dxe6 Bxe6 20. b3 Kf8 21. Rfc1 Ke7 22. Rb2 Rxc1 23. Kxc1 Rc8+ 24. Rc2 Rxc2+ 25. Kxc2 g5 26. h3 a5 27. Kc3 Bd7 28. Bc4 f6 29. Bd5 b6 30. Bg8 h6 31. Bc4 f5 32. g4 fxe4 33. fxe4 h5 34. Be2 Bc6 35. gxh5 Bxe4 36. Bd3 Bd5 37. h6 Kf6 38. h7 Kg7 39. Bf5 Kh8 40. a3 b5 41. b4 a4 42. Kd2 Bc6 43. Ke3 Kg7 44. Kf2 Kh8 45. Kg3 Kg7 46. Kg4 e4 47. Kxg5 e3 48. Bg4 Bd7 49. Be2 Bxh3 50. Kf4 Kxh7 51. Kxe3 Kg7 52. Bxb5 Kf6 53. Bxa4 Ke7 54. Kd4 Kd8 55. Bc6 1-0

[Event "GER-ch U25-A"]
[Site "Willingen"]
[Date "2018.05.20"]
[Round "1"]
[White "Wuebker, Paul Luca"]
[Black "Petersen, Finn Christopher"]
[Result "0-1"]
[WhiteElo "2061"]
[BlackElo "1886"]
[PlyCount "56"]
[EventDate "2018.05.19"]
[EventType "swiss"]
[EventRounds "9"]
[EventCountry "GER"]
[SourceTitle "CBM 184 Extra"]
[Source "ChessBase"]
[SourceDate "2018.06.28"]
[SourceVersion "1"]
[SourceVersionDate "2018.06.28"]
[SourceQuality "1"]

1. d4 Nf6 2. c4 e6 3. Nf3 d5 4. Nc3 dxc4 5. e3 a6 6. a4 c5 7. Bxc4 Nc6 8. 0-0 Be7 9. d5 exd5 10. Nxd5 Nxd5 11. Bxd5 Nb4 12. Bc4 0-0 13. Bd2 Bf5 14. Bxb4 cxb4 15. Qb3 Bc5 16. Rad1 Qf6 17. Bd5 Rfb8 18. e4 Bg4 19. Rd3 a5 20. h3 Bd7 21. Rc1 b6 22. e5 Qg6 23. Rc4 Bxa4 24. Rg4 Bxb3 25. Rxg6 Bxd5 26. Rg3 Bxf3 27. Rdxf3 Bd4 28. Rf5 Bxb2 0-1

[Event "NRW Class2 1718"]
[Site "Germany"]
[Date "2018.02.18"]
[Round "6.8"]
[White "Wuebker, Paul Luca"]
[Black "Georg, Heinz"]
[Result "1-0"]
[WhiteElo "2036"]
[BlackElo "2084"]
[PlyCount "81"]
[EventDate "2017.09.17"]
[EventType "team-tourn"]
[EventRounds "9"]
[EventCountry "GER"]
[SourceTitle "EXT 2019"]
[Source "ChessBase"]
[SourceDate "2018.10.10"]
[SourceVersion "1"]
[SourceVersionDate "2018.10.10"]
[SourceQuality "1"]
[WhiteTeam "Bochum SG II"]
[BlackTeam "Kamen"]
[WhiteTeamCountry "GER"]
[BlackTeamCountry "GER"]

1. d4 f5 2. c4 Nf6 3. Nc3 d6 4. g3 g6 5. Bg2 Bg7 6. Nf3 0-0 7. 0-0 Qe8 8. Re1 Qf7 9. b3 Ne4 10. Bb2 Nc6 11. Rb1 h6 12. e3 Nxc3 13. Bxc3 e5 14. Ba1 e4 15. Nd2 Bd7 16. b4 g5 17. f3 exf3 18. Bxf3 Kh8 19. b5 Nd8 20. Bh5 Qe7 21. e4 f4 22. e5 dxe5 23. Nf3 e4 24. Ne5 Bf5 25. Bg6 Bxe5 26. Bxf5 Rxf5 27. Rxe4 Ne6 28. g4 Rf6 29. Rxe5 Rd8 30. Qe2 Qh7 31. Re1 f3 32. Qf2 Ng7 33. d5 Qg6 34. Re7 Rf7 35. R7e6 Qd3 36. Rxh6+ Kg8 37. Bxg7 Kxg7 38. Rh5 Qxc4 39. Qb2+ Rf6 40. Re7+ Kg8 41. Rh8+ 1-0

[Event "NRW Class2 1718"]
[Site "Germany"]
[Date "2017.10.15"]
[Round "2.6"]
[White "Breest, Axel"]
[Black "Wuebker, Paul Luca"]
[Result "1-0"]
[WhiteElo "1872"]
[BlackElo "2022"]
[PlyCount "59"]
[EventDate "2017.09.17"]
[EventType "team-tourn"]
[EventRounds "9"]
[EventCountry "GER"]
[SourceTitle "EXT 2019"]
[Source "ChessBase"]
[SourceDate "2018.10.10"]
[SourceVersion "1"]
[SourceVersionDate "2018.10.10"]
[SourceQuality "1"]
[WhiteTeam "Siegburg"]
[BlackTeam "Bochum SG II"]
[WhiteTeamCountry "GER"]
[BlackTeamCountry "GER"]

1. e4 c5 2. Nc3 d6 3. f4 Nc6 4. Nf3 g6 5. Bc4 Bg7 6. a3 Nf6 7. d3 0-0 8. 0-0 a6 9. Qe1 b5 10. Ba2 Bg4 11. Ng5 h6 12. h3 Bd7 13. Nf3 Nd4 14. Nxd4 cxd4 15. Ne2 Be6 16. Bxe6 fxe6 17. Nxd4 Qb6 18. Be3 Nd5 19. c3 Nxe3 20. Qxe3 Rxf4 21. Qxf4 e5 22. Qf7+ Kh7 23. Qd5 Rc8 24. Qe6 Rc7 25. Rf7 exd4 26. Rxg7+ Kxg7 27. Rf1 dxc3+ 28. Kh1 h5 29. Qf7+ Kh6 30. Qf8+ 1-0

[Event "Dortmund Sparkassen op-A 45th"]
[Site "Dortmund"]
[Date "2017.07.20"]
[Round "6"]
[White "Wuebker, Paul Luca"]
[Black "Koellner, Christoph"]
[Result "1-0"]
[WhiteElo "2042"]
[BlackElo "2131"]
[PlyCount "118"]
[EventDate "2017.07.15"]
[EventType "swiss"]
[EventRounds "9"]
[EventCountry "GER"]
[SourceTitle "CBM 179 Extra"]
[Source "ChessBase"]
[SourceDate "2017.08.23"]
[SourceVersion "1"]
[SourceVersionDate "2017.08.23"]
[SourceQuality "1"]

1. d4 d6 2. e4 Nf6 3. Nc3 e5 4. d5 Be7 5. f3 c6 6. Be3 Qa5 7. a3 0-0 8. Nge2 cxd5 9. exd5 Nh5 10. g4 Bh4+ 11. Kd2 Nf6 12. Kc1 Na6 13. Ng3 Qd8 14. Nf5 Bxf5 15. gxf5 Nc7 16. Rg1 Kh8 17. Bc4 Qd7 18. Ne4 b5 19. Bb3 Ng8 20. Rg4 Bd8 21. Ng3 Nf6 22. c3 Nxg4 23. fxg4 Ne8 24. Kb1 Qe7 25. g5 Qd7 26. Qh5 g6 27. Qh6 Rg8 28. f6 Nxf6 29. gxf6 Bxf6 30. Ne4 Bg7 31. Qh4 f5 32. Nf6 Bxf6 33. Qxf6+ Qg7 34. Qxd6 f4 35. Bf2 Rgd8 36. Qb4 g5 37. h3 Qd7 38. Qe4 Qd6 39. Ka2 a5 40. Rd1 Rd7 41. a4 bxa4 42. Bxa4 Rc7 43. c4 Rac8 44. Rc1 h5 45. c5 Qf6 46. d6 Rg7 47. Rd1 Rb8 48. d7 Rgg8 49. Rd6 Rb4 50. Qxb4 Qxd6 51. cxd6 axb4 52. Bb6 g4 53. hxg4 h4 54. Bc6 h3 55. d8Q Rxd8 56. Bxd8 Kg7 57. Bh4 h2 58. d7 e4 59. Bxe4 f3 1-0

[Event "Dortmund Sparkassen op-A 45th"]
[Site "Dortmund"]
[Date "2017.07.19"]
[Round "5"]
[White "Wastian, Jan"]
[Black "Wuebker, Paul Luca"]
[Result "0-1"]
[WhiteElo "1878"]
[BlackElo "2042"]
[PlyCount "66"]
[EventDate "2017.07.15"]
[EventType "swiss"]
[EventRounds "9"]
[EventCountry "GER"]
[SourceTitle "CBM 179 Extra"]
[Source "ChessBase"]
[SourceDate "2017.08.23"]
[SourceVersion "1"]
[SourceVersionDate "2017.08.23"]
[SourceQuality "1"]

1. e4 c5 2. c3 Nf6 3. e5 Nd5 4. d4 cxd4 5. Nf3 e6 6. cxd4 d6 7. Bc4 Nc6 8. 0-0 Be7 9. Na3 0-0 10. Bd3 a5 11. b3 b6 12. Qc2 Qc7 13. Bxh7+ Kh8 14. Bd3 dxe5 15. dxe5 Nxe5 16. Nxe5 Qxe5 17. Bb2 Qg5 18. Rfe1 Bb7 19. Re5 Qh6 20. Bc1 Nf4 21. Bxf4 g5 22. Re3 Bf6 23. Rh3 Qxh3 24. gxh3 gxf4 25. Qe2 Rg8+ 26. Kf1 Bxa1 27. Qh5+ Kg7 28. Qg5+ Kf8 29. Qxf4 Rd8 30. Ke2 Ke7 31. Qc7+ Rd7 32. Qxb6 Rg5 33. Qe3 Re5 0-1